Valuation tribunals and the Lands Tribunal (Record no. 80406)
[ view plain ]
| 000 -LEADER | |
|---|---|
| fixed length control field | 01082cab a22001935a 4500 |
| 001 - CONTROL NUMBER | |
| control field | L144260 |
| 008 - FIXED-LENGTH DATA ELEMENTS--GENERAL INFORMATION | |
| fixed length control field | 080707e2008 xxk f v 000 0 eng d |
| 035 ## - SYSTEM CONTROL NUMBER | |
| System control number | (Sirsi) u144260 |
| 041 0# - LANGUAGE CODE | |
| Language code of text/sound track or separate title | eng |
| 100 1# - MAIN ENTRY--PERSONAL NAME | |
| Personal name | Lewsley, Christopher |
| 245 00 - TITLE STATEMENT | |
| Title | Valuation tribunals and the Lands Tribunal |
| Remainder of title | the future |
| 260 ## - PUBLICATION, DISTRIBUTION, ETC. | |
| Date of publication, distribution, etc. | 2008 |
| 490 #0 - SERIES STATEMENT | |
| Series statement | Rating and Valuation Reporter |
| Volume/sequential designation | 2008, 138-140(3) |
| 520 ## - SUMMARY, ETC. | |
| Summary, etc. | Informed by the forthcoming UK Government reforms to the Tribunals System, discusses the implications of these radical reforms for valuation tribunals and the Lands Tribunal. Identifies pointers for the direction of the reform process. Covers: the origins of the valuation and Lands Tribunal; the Franks Report; the Leggatt Report; legislation; the UK Government?s approach to transforming tribunals. Concludes that it would seem that valuation tribunals may be unified into a single Valuation Tribunal for England and will operate outside the new Tribunal System. |
| 590 ## - LOCAL NOTE (RLIN) | |
| Local note | KA |
| 651 #4 - SUBJECT ADDED ENTRY--GEOGRAPHIC NAME | |
| Geographic name | United Kingdom |
| Chronological subdivision | |
| 690 ## - LOCAL SUBJECT ADDED ENTRY--TOPICAL TERM (OCLC, RLIN) | |
| Topical term or geographic name as entry element | PROPERTY-PROPERTY APPRAISAL AND VALUATION |
| 942 ## - ADDED ENTRY ELEMENTS (KOHA) | |
| Suppress in OPAC | 0 |
| Withdrawn status | Lost status | Source of classification or shelving scheme | Damaged status | Not for loan | Home library | Current library | Shelving location | Date acquired | Total Checkouts | Full call number | Barcode | Date last seen | Copy number | Price effective from | Koha item type |
|---|---|---|---|---|---|---|---|---|---|---|---|---|---|---|---|
| Dewey Decimal Classification | London | London | Journal article | 07/07/2008 | L144260 | 144260-1001 | 06/08/2019 | 1 | 06/08/2019 | Journal article |